000 00877nam a22002657a 4500
001 BR9101318
003 BR-BrBNA
005 20230928093538.0
007 ta
008 230509b bl.||||| |||| 00| 0 por d
040 _aBR-BrBNA
_bpor
_cBiblioteca Nacional de Agricultura
041 _a(Por)
072 _aF02
090 _ F02 BR9101318
100 1 _aSenna Neto, N.
110 1 _aUniversidade Federal de Vicosa, MG (Brasil)
_0Tese (Magister Scientiae)
245 1 _aMicropropagacao de mandioquinha-salsa (Arracacia xanthorrhiza Bancroft)
260 3 _aVicosa, MG (Brasil):
_c1991.
300 _a53 p.
500 _aBibliography p. 49-53 (54 ref.); Summary (Por). (*) Documento disponível na(o) Universidade Federal de Vicosa, MG (Brazil)
650 _aMANDIOQUINHA-SALSA
650 _aREPRODUCAO VEGETAL
909 _a202309
_bLucia
_c55
_dLucia Elande
942 _cBK
999 _c45614
_d45614